মুসলিম বাঙ্গালা : অামার যুগে / (Record no. 7102)
[ view plain ]
| 000 -LEADER | |
|---|---|
| fixed length control field | 00766nam a2200229 a 4500 |
| 001 - CONTROL NUMBER | |
| JCCL Control Number | 7102 |
| 003 - CONTROL NUMBER IDENTIFIER | |
| JCCL marc code | BD-JhCC |
| 005 - DATE AND TIME OF LATEST TRANSACTION | |
| control field | 20180205103527.0 |
| 008 - FIXED-LENGTH DATA ELEMENTS--GENERAL INFORMATION | |
| fixed length control field | 180205s1968 bg |||| || | 000 0 bg d |
| 035 ## - SYSTEM CONTROL NUMBER | |
| system control number | (BD-JhCC)7102 |
| 040 ## - CATALOGING SOURCE | |
| Original cataloging agency | BD-JhCC |
| Modifying agency | BD-JhCC |
| 041 ## - LANGUAGE CODE | |
| Language code of Book | ben |
| 082 ## - DEWEY DECIMAL CLASSIFICATION NUMBER | |
| Classification number | 954 |
| Author mark and Year | KHA 1968 |
| 100 ## - MAIN ENTRY--PERSONAL NAME | |
| Personal name | খান, আবদুল লতীফ |
| 245 ## - TITLE STATEMENT | |
| Title | মুসলিম বাঙ্গালা : অামার যুগে / |
| Statement of responsibility, etc | আবদুল লতীফ খান, |
| 260 ## - PUBLICATION, DISTRIBUTION, ETC. (IMPRINT) | |
| Place of publication, distribution, etc | ঢাকা : |
| Name of publisher, distributor, etc | বাংলা একাডেমী, |
| Date of publication, distribution, etc | 1968 |
| 300 ## - PHYSICAL DESCRIPTION | |
| Pagination | 136 p. : |
| Dimensions | 22 cm. |
| 650 ## - SUBJECT ADDED ENTRY--TOPICAL TERM | |
| Topical term or geographic name as entry element | History Muslims |
| Geographic subdivision | India |
| 700 ## - ADDED ENTRY--PERSONAL NAME | |
| Personal name | শামসুদ্দীন, আবু জাফর (অনূদিত) |
| 942 ## - ADDED ENTRY ELEMENTS (KOHA) | |
| Source of classification or shelving scheme | Dewey Decimal Classification |
| Koha item type | Books |
| Source of classification or shelving scheme | Damaged status | Not for loan | Home library | Current library | Shelving location | Date of accession | Cost, normal purchase price | Total Checkouts | Full call number | Barcode | Date last seen | Copy number | Koha item type |
|---|---|---|---|---|---|---|---|---|---|---|---|---|---|
| Dewey Decimal Classification | JCC Rouf Library | JCC Rouf Library | General Stacks | 02/05/2018 | 5.00 | 954 KHA 1968 | 9588 | 02/05/2018 | C-1 | Books |